[Event "Villa Ballester op 73rd"]
[Site "Buenos Aires"]
[Date "2024.01.27"]
[Round "8"]
[White "Salvati, Diego Javier"]
[Black "Curatolo, Nicolas Matias"]
[Result "1/2-1/2"]
[WhiteElo "1912"]
[BlackElo "1692"]
[PlyCount "150"]
[EventDate "2024.01.19"]
[EventType "swiss"]
[EventRounds "9"]
[EventCountry "ARG"]
[SourceTitle "CB06_2024"]
[SourceDate "2024.02.07"]
[SourceVersion "1"]
[SourceVersionDate "2024.02.07"]
[SourceQuality "1"]

1. e4 c5 2. d4 cxd4 3. c3 dxc3 4. Nxc3 Nc6 5. Nf3 d6 6. Bc4 e6 7. 0-0 Be7 8. Qe2 Nf6 9. Rd1 e5 10. Bg5 0-0 11. Nb5 a6 12. Bxf6 gxf6 13. Nc3 Bg4 14. h3 Nd4 15. Rxd4 exd4 16. Nd5 Be6 17. Nxd4 f5 18. Nxe6 fxe6 19. Nf4 Kh8 20. Nxe6 Qd7 21. Nxf8 Bxf8 22. exf5 Qxf5 23. Rd1 Qe5 24. Qxe5+ dxe5 25. Rd7 Rb8 26. Bd3 h6 27. Rd5 Re8 28. Be4 b6 29. Rd7 Re6 30. Rh7+ Kg8 31. Ra7 Rf6 32. Kf1 a5 33. Ke2 Bc5 34. f3 Rd6 35. Bd3 Bd4 36. b3 Bc5 37. Bc4+ Kh8 38. Bd3 Kg8 39. a4 Kh8 40. Re7 Bd4 41. g4 Kg8 42. h4 Kf8 43. Rc7 Re6 44. h5 Bc5 45. Bg6 Re7 46. Rc6 Rd7 47. Bf5 Rd6 48. Rc7 Bb4 49. Ke3 Bd2+ 50. Ke4 Bf4 51. Bg6 Rd4+ 52. Kf5 Rd3 53. Rf7+ Kg8 54. g5 Rc3 55. gxh6 Bxh6 56. Rh7 Bf8 57. Rb7 Rxb3 58. Kxe5 Rb4 59. Bh7+ Kh8 60. Be4 Rxa4 61. Rxb6 Ra1 62. h6 Rf1 63. Bf5 Re1+ 64. Kf6 Re8 65. Kg6 Bb4 66. Be6 Bc5 67. Ra6 Bb4 68. Bf7 Rd8 69. Be6 Re8 70. h7 Rd8 71. Ra7 Bc3 72. Rc7 Be5 73. Ra7 Bc3 74. Ra6 Bb4 75. Bf7 Bc3 1/2-1/2

[Event "FISU World University"]
[Site "Tornelo INT"]
[Date "2020.10.27"]
[Round "6.16"]
[White "Curatolo, Nicolas Matias"]
[Black "Fuentes Godoy, Lilia Ivonne"]
[Result "0-1"]
[WhiteElo "1665"]
[BlackElo "2196"]
[PlyCount "92"]
[EventDate "2020.10.26"]
[EventType "team-swiss (rapid)"]
[EventRounds "9"]
[EventCountry "NET"]
[SourceTitle "CBM 199 Extra"]
[Source "ChessBase"]
[SourceDate "2021.01.31"]
[SourceVersion "1"]
[SourceVersionDate "2021.01.31"]
[SourceQuality "1"]
[WhiteTeam "Argentina III"]
[BlackTeam "Mexico III"]
[WhiteTeamCountry "ARG"]
[BlackTeamCountry "MEX"]

1. d4 d5 2. c4 e6 3. Nc3 Nf6 4. cxd5 exd5 5. Bg5 c6 6. e3 Be7 7. Bd3 0-0 8. Qc2 Nbd7 9. Nf3 Re8 10. 0-0 g6 11. Rab1 Nf8 12. b4 a6 13. a4 Ne6 14. Bh4 Ng7 15. Rfc1 Bf5 16. Bg3 Bxd3 17. Qxd3 Ne4 18. b5 axb5 19. axb5 Ra3 20. Nd2 cxb5 21. Ndxe4 dxe4 22. Qxb5 Nf5 23. Nxe4 b6 24. Bc7 Qa8 25. Bxb6 Rb8 26. Qe5 Ra6 27. Bc5 Rxb1 28. Rxb1 Ra1 29. Nd2 Rxb1+ 30. Nxb1 Qa4 31. Nd2 Qa1+ 32. Nf1 Bxc5 33. Qxc5 Kg7 34. d5 Qe5 35. f3 f6 36. e4 Nd6 37. Ne3 f5 38. exf5 gxf5 39. Kf2 f4 40. Ng4 Qb2+ 41. Ke1 Qb1+ 42. Kd2 Qa2+ 43. Kc3 Qa1+ 44. Kd3 Qf1+ 45. Kd4 Qg1+ 46. Ke5 Qxc5 0-1

[Event "FISU World University"]
[Site "Tornelo INT"]
[Date "2020.10.27"]
[Round "5.11"]
[White "Turar, Dastan"]
[Black "Curatolo, Nicolas Matias"]
[Result "1-0"]
[WhiteElo "2229"]
[BlackElo "1665"]
[PlyCount "45"]
[EventDate "2020.10.26"]
[EventType "team-swiss (rapid)"]
[EventRounds "9"]
[EventCountry "NET"]
[SourceTitle "CBM 199 Extra"]
[Source "ChessBase"]
[SourceDate "2021.01.31"]
[SourceVersion "1"]
[SourceVersionDate "2021.01.31"]
[SourceQuality "1"]
[WhiteTeam "Kazakhstan"]
[BlackTeam "Argentina III"]
[WhiteTeamCountry "KAZ"]
[BlackTeamCountry "ARG"]

1. d4 f5 2. Nf3 Nf6 3. c4 g6 4. Nc3 Bg7 5. g3 0-0 6. Bg2 d6 7. 0-0 Qe8 8. Re1 e5 9. e4 fxe4 10. Nxe4 Nxe4 11. Rxe4 Qf7 12. dxe5 Bf5 13. Ng5 Qe7 14. exd6 Qxd6 15. Qxd6 cxd6 16. Re7 Nd7 17. Bxb7 Rab8 18. Bd5+ Kh8 19. Nf7+ Rxf7 20. Rxf7 Re8 21. Be3 Bxb2 22. Re1 Bc3 23. Bd4+ 1-0

[Event "FISU World University"]
[Site "Tornelo INT"]
[Date "2020.10.26"]
[Round "2.15"]
[White "Curatolo, Nicolas Matias"]
[Black "Cardona Martinez, Lina Sofia"]
[Result "1/2-1/2"]
[WhiteElo "1665"]
[BlackElo "1877"]
[PlyCount "64"]
[EventDate "2020.10.26"]
[EventType "team-swiss (rapid)"]
[EventRounds "9"]
[EventCountry "NET"]
[SourceTitle "CBM 199 Extra"]
[Source "ChessBase"]
[SourceDate "2021.01.31"]
[SourceVersion "1"]
[SourceVersionDate "2021.01.31"]
[SourceQuality "1"]
[WhiteTeam "Argentina III"]
[BlackTeam "Colombia"]
[WhiteTeamCountry "ARG"]
[BlackTeamCountry "COL"]

1. d4 Nf6 2. c4 c5 3. d5 b5 4. cxb5 a6 5. bxa6 Bxa6 6. Nc3 d6 7. e4 Bxf1 8. Kxf1 g6 9. Nf3 Bg7 10. g3 0-0 11. Kg2 Nbd7 12. h3 Qa5 13. Re1 Rfb8 14. e5 Ne8 15. e6 fxe6 16. Rxe6 Bxc3 17. bxc3 Qxc3 18. Bg5 Ndf6 19. Rc1 Qb2 20. Rc2 Qb7 21. Qe2 Qxd5 22. Rxe7 Ra4 23. Rd2 Re4 24. Rxd5 Rxe2 25. Rxe2 Nxd5 26. Nd2 Kf7 27. Ne4 Ra8 28. Rd2 Nb4 29. Nxd6+ Nxd6 30. Rxd6 Nxa2 31. Rd7+ Kg8 32. Rc7 Nc3 1/2-1/2

[Event "Buenos Aires ProAm op 26th"]
[Site "Buenos Aires"]
[Date "2019.10.06"]
[Round "1"]
[White "Curatolo, Nicolas Matias"]
[Black "Guerrero, Mario"]
[Result "1/2-1/2"]
[WhiteElo "1669"]
[BlackElo "2132"]
[PlyCount "67"]
[EventDate "2019.10.06"]
[EventType "team-swiss"]
[EventRounds "8"]
[EventCountry "ARG"]
[SourceTitle "CBM 192 Extra"]
[Source "Chessbase"]
[SourceDate "2019.11.06"]
[SourceVersion "1"]
[SourceVersionDate "2019.11.06"]
[SourceQuality "1"]

1. d4 d5 2. c4 c6 3. cxd5 cxd5 4. Bf4 e6 5. Nc3 Nf6 6. e3 a6 7. Bd3 Nbd7 8. Nf3 h6 9. 0-0 Be7 10. e4 dxe4 11. Nxe4 Nxe4 12. Bxe4 Nf6 13. Bd3 0-0 14. Rc1 Nd5 15. Be5 Bd7 16. Nd2 Bc6 17. Qg4 Nf6 18. Qg3 Ne8 19. Nf3 Bf6 20. Rfd1 Bd5 21. Bf4 Bxf3 22. Qxf3 Qb6 23. Qe4 g6 24. Bxh6 Ng7 25. b3 Bxd4 26. Qf4 Rad8 27. Rc4 Rd5 28. Bg5 Nh5 29. Qh4 Qd6 30. Be7 Bxf2+ 31. Kxf2 Qb6+ 32. Kf1 Re8 33. Bg5 Qd6 34. Bf4 1/2-1/2